Livre d'or des âmes pieuses, ou Cinq livres en un seul : (Record n. 35603)

Dettagli MARC
000 -LEADER
fixed length control field 00829nam a2200205 i 4500
003 - CONTROL NUMBER IDENTIFIER
control field IT-RoINE
005 - DATE AND TIME OF LATEST TRANSACTION
control field 20201209071713.0
008 - FIXED-LENGTH DATA ELEMENTS--GENERAL INFORMATION
fixed length control field 201209s1893 fr |||||r|||| 00| | fre d
040 ## - CATALOGING SOURCE
Original cataloging agency IT-RoINE
100 1# - MAIN ENTRY--PERSONAL NAME
Personal name Desbos, J.-R.
9 (RLIN) 69821
245 10 - TITLE STATEMENT
Title Livre d'or des âmes pieuses, ou Cinq livres en un seul :
Remainder of title Imitation de Jésus-Christ ... Choix de prières pour tous les temps de l'année ... Paroissien choisi ... Neuvaines et pratiques de dévotion .. Méditations et lectures pour les dimanches et fêtes ... /
Statement of responsibility, etc par M. l'abbé J.-R. Desbos ...
250 ## - EDITION STATEMENT
Edition statement 27e éd.
260 ## - PUBLICATION, DISTRIBUTION, ETC. (IMPRINT)
Place of publication, distribution, etc Paris :
Name of publisher, distributor, etc R. Roger et F. Chernoviz,
Date of publication, distribution, etc [1893]
300 ## - PHYSICAL DESCRIPTION
Extent XX, 1051 p. ;
Dimensions 16 cm.
336 ## - CONTENT TYPE
Source rdacontent
Content type term text
337 ## - MEDIA TYPE
Source rdamedia
Media type term unmediated
338 ## - CARRIER TYPE
Source rdacarrier
Carrier type term volume
650 #4 - SUBJECT ADDED ENTRY--TOPICAL TERM
9 (RLIN) 4218
Topical term or geographic name as entry element Literatura de devoción
942 ## - ADDED ENTRY ELEMENTS (KOHA)
Item type Monografías
Dati di copia
Withdrawn status Lost status Damaged status Not for loan Home library Current library Date acquired Total Checkouts Full call number Barcode Date last seen Price effective from Koha item type
        Iglesia Nacional Española en Roma Iglesia Nacional Española en Roma 09/12/2020   DEV.NOV 257 NOV-2431 09/12/2020 09/12/2020 Monografías